Statistics for Countries Closest to Germany A-Z

Click here to take the quiz!

General Stats

  • This quiz has been taken 2,401 times
  • The average score is 22 of 24

Answer Stats

Country% Correct
BBelgium
99%
DDenmark
98%
AAustria
97%
FFrance
97%
LLuxembourg
94%
PPoland
94%
QQatar
94%
EEstonia
93%
NNetherlands
93%
SSwitzerland
93%
UUnited Kingdom
93%
YYemen
93%
CCzech Republic
92%
HHungary
92%
OOman
92%
ZZambia
91%
IItaly
90%
RRussia
90%
VVatican City
89%
JJordan
84%
KKosovo
82%
MMonaco
82%
GGreece
79%
TTunisia
66%

Score Distribution

Percentile by Number Answered

Percent of People with Each Score

Your Score History

You have not taken this quiz